Sayidina Umar al-Khattab

Bibliographic Details
Main Author: Usman, K.
Format: Book
Published: Selangor : Darul mughni trading , 2017
Series:Teladan anak muslim
Subjects:

MARC

LEADER 00000cam a2200000 7i4500
001 0000072290
005 20230125105313.0
008 170507
020 |a 9789670880280 
090 0 0 |a JF   |b REG MAL 
100 1 |a Usman, K. 
245 1 4 |a Sayidina Umar al-Khattab   |c K.Usman 
260 |a Selangor :   |b Darul mughni trading ,   |c 2017 
300 |a 71p. :   |b col.ill.; ;   |c 23cm. 
490 1 |a Teladan anak muslim 
500 |a Children ages 7-9 years old (orange) 
581 8 0 |a Purchase 2016 
650 0 |a Children's stories, Malaysia 
999 |a 0001450605   |b Book   |c Children Collection   |e Cawangan Mersing 
999 |a 0001450606   |b Book   |c Children Collection   |e Cawangan Bandar Penawar 
999 |a 0001450607   |b Book   |c Children Collection   |e Cawangan Tangkak 
999 |a 0001450608   |b Book   |c Children Collection   |e Cawangan Tmn. Ungku Tun Aminah 
999 |a 0001450610   |b Book   |c Children Collection   |e Cawangan Taman Sri Lambak 
999 |a 0001450611   |b Book   |c Children Collection   |e Cawangan Taman Universiti 
999 |a 0001450612   |b Book   |c Children Collection   |e Cawangan Taman Universiti 
999 |a 0001450613   |b Book   |c Children Collection   |e Cawangan Taman Universiti 
999 |a 0001450614   |b Book   |c Children Collection   |e Cawangan Taman Universiti 
999 |a 0001450615   |b Book   |c Children Collection   |e Cawangan Batu Pahat 
999 |a 0001450617   |b Book   |c Children Collection   |e Cawangan Sri Merlong 
999 |a 0001450619   |b Book   |c Children Collection   |e Cawangan Kota Tinggi 
999 |a 0001450620   |b Book   |c Children Collection   |e Cawangan Pontian 
999 |a 0001450621   |b Book   |c Children Collection   |e Cawangan Segamat 
999 |a 0001453654   |b Book   |c Children Collection   |e Perbadanan Perpustakaan Awam Johor 
999 |a 0001453655   |b Book   |c Children Collection   |e Perbadanan Perpustakaan Awam Johor 
999 |a 0001453656   |b Book   |c Children Collection   |e Cawangan Urban Transformation Centre 
999 |a 0001453657   |b Book   |c Children Collection   |e Cawangan AEON Kulaijaya